¡Gol! : Un gran equipo /

I tiakina i:
Ngā taipitopito rārangi puna kōrero
Kaituhi matua: Garlando, Luigi (autor)
Ētahi atu kaituhi: Turconi, Stefano (ilustración) (ilustración)
Hōputu: Pukapuka
Reo:Pāniora
I whakaputaina: México : Montena, 2014, c2014
Rangatū:(¡Gol! ; 1)
Ngā marau:
Ngā Tūtohu: Tāpirihia he Tūtohu
Kāore He Tūtohu, Me noho koe te mea tuatahi ki te tūtohu i tēnei pūkete!

MARC

LEADER 00000nam^a2200000^a^4500
001 000413427
005 20250521000000.0
009 20260310122207.006
020 |a 978-607-31-2065-4 
037 |a Acervo ITESO - Biblioteca 
041 |a ESP 
082 |a 808. 899282  |b GAR V. 1 
100 |a Garlando, Luigi  |e (autor) 
240 1 1 |a [¡Gol!] 
245 1 0 |a ¡Gol! :  |b Un gran equipo /  |c L. Garlando ; il. de S. Turconi ; tr. por Santiago Jordán Sempere. 
264 4 |a México :  |b Montena,  |c 2014, c2014 
300 |a 150 p. 
336 |a texto  |b txt  |2 rdacontenido 
337 |a sin mediación  |b n  |2 rdamedio 
338 |a volumen  |b nc  |2 rdasoporte 
440 1 |a (¡Gol! ;  |v 1) 
500 |a Traducción de: Gol! Calcio d'inizio 
649 |a XX 
650 |a Equipos Deportivos en la Literatura 
650 |a Deportistas en la Literatura 
650 |a Novela Italiana 
650 |a Literatura Infantil -  |z Italia 
650 |a Literatura Italiana -  |y Siglo XXI 
650 |a Futbol -  |x Tema Principal 
650 |a Futbol en la Literatura 
650 |a Deportes en la Literatura 
650 |a Juegos en la Literatura 
650 |a Ocio y Tiempo Libre en la Literatura 
740 3 |a Un gran equipo /  |c L. Garlando ; il. de S. Turconi ; tr. por Santiago Jordán Sempere. 
700 |a Turconi, Stefano  |e (ilustración) 
910 |a Fondo General 
920 |a Impresos - Libros 
930 |a Colección General 
940 |a Literatura 
905 |a 101 
901 |a 0500322036  |b IT1  |c LIT  |i D108653  |u 20250521 
902 |a https://opac.biblio.iteso.mx/vufind/Record/000413427